US States Containing the Letter H - Statistics

General Stats
  • This quiz has been taken 455 times
    454 since last reset
  • The average score is 13 of 14
Answer Stats
Answer % Correct
New Hampshire
99%
Hawaii
98%
North Dakota
97%
South Dakota
97%
North Carolina
96%
South Carolina
96%
Washington
96%
Rhode Island
95%
Michigan
93%
Utah
93%
Ohio
91%
Idaho
90%
Oklahoma
89%
Massachusetts
88%
No matching quizzes found
Score Distribution
Percent of People with Each Score
Percentile by Number Answered
Your Score History
You have not taken this quiz since the last reset